LEADER 01426nam0 22003253i 450 001 CFI0203593 005 20251003044134.0 100 $a20120116d1990 ||||0itac50 ba 101 | $aita 102 $ait 181 1$6z01$ai $bxxxe 182 1$6z01$an 200 1 $aRelazioni industriali e mercato del lavoro$eun'analisi comparata Italia-Stati Uniti$fDaniela Del Boca 210 $aRoma$cLa nuova Italia scientifica$d1990 215 $a119 p.$d22 cm. 225 | $aStudi NIS economia$v17 410 0$1001CFI0006368$12001 $aStudi NIS economia$v17 676 $a331.09047$9$v19 676 $a331.0945$9ECONOMIA DEL LAVORO. Italia$v23 676 $a331.12$9MERCATO DEL LAVORO$v12 676 $a331.120945$9MERCATO DEL LAVORO. ITALIA$v20 700 1$aDel Boca$b, Daniela$3CFIV104846$4070$0122636 801 3$aIT$bIT-000000$c20120116 850 $aIT-BN0095 901 $bNAP 01$cPOZZO LIB.$nVi sono collocati fondi di economia, periodici di ingegneria e scienze, periodici di economia e statistica e altri fondi comprendenti documenti di economia pervenuti in dono. 912 $aCFI0203593 950 0$aBiblioteca Centralizzata di Ateneo$c1 v.$d 01POZZO LIB.ECON MON 6395$e 0101 0070047085E VMA 1 v. ( Precedente collocazione 4 EC 708)$fB $h20220713$i20220713 977 $a 01 996 $aRelazioni industriali e mercato del lavoro$9198488 997 $aUNISANNIO